Normal view
MARC view
- Paul S K
Entry Personal Name
001 - CONTROL NUMBER
- control field: 109591
003 - CONTROL NUMBER IDENTIFIER
- control field: OSt
005 - DATE AND TIME OF LATEST TRANSACTION
- control field: 20230125043529.0
008 - FIXED-LENGTH DATA ELEMENTS
- fixed length control field: 230125|| aca||aabn | a|a d
040 ## - CATALOGING SOURCE
- Original cataloging agency: OSt
- Transcribing agency: OSt
100 ## - HEADING--PERSONAL NAME
- Personal name: Paul S K
670 ## - SOURCE DATA FOUND
- Source citation: Work cat.: (OSt)86284: Paul S K, Financial Management, 1993